20 Most Populous Islands Quiz Stats

 Plays Quiz Updated Nov 6, 2014

Challenge
Share
Tweet
Embed
Score 0/20 Timer 05:00
1 Play Today
% Correct
Great Britain
93.4%
Taiwan
84.9%
Cuba
84.8%
Sri Lanka
84.7%
Honshu
74.1%
Ireland
73.6%
Madagascar
72.4%
Sumatra
70.2%
Hokkaido
69.6%
Long Island
67.5%
% Correct
Hispaniola
67.2%
Java
65.9%
Borneo
63.9%
New Guinea
63.3%
Kyushu
56.8%
Luzon
46.2%
Hainan
39.3%
Sulawesi
38.8%
Mindanao
37.2%
Salsette
11.6%

You're not logged in!

Compare scores with friends on all Sporcle quizzes.
Join for Free
OR
Log In

You Might Also Like...

Show Comments

Extras

Top Quizzes Today


Score Distribution

Your Account Isn't Verified!

In order to create a playlist on Sporcle, you need to verify the email address you used during registration. Go to your Sporcle Settings to finish the process.

Report this User

Report this user for behavior that violates our Community Guidelines.

Details: